| 000 | 00462nam a2200181Ia 4500 | ||
|---|---|---|---|
| 001 | 23551 | ||
| 005 | 20260414150945.0 | ||
| 008 | 260414t2015||||xx |||||||||||||| ||spa|| | ||
| 041 | _aESP | ||
| 082 |
_a660.6 _bR75 |
||
| 100 |
_aRodríguez Merino, José María _eAUT |
||
| 245 | 0 |
_aÉtica y derechos humanos en la era biotecnológica _b |
|
| 260 | _c2015 | ||
| 300 |
_a278 páginas : _c21 cm. |
||
| 650 | _aTCA | ||
| 654 | _aCII | ||
| 942 |
_cLIB _dJUS _fJUS _2ddc _n |
||
| 999 |
_c23551 _d23551 |
||